Campo de pluma / (Record no. 136078)

MARC details
000 -LEADER
campo de control de longitud fija 00560nam a2200205 i 4500
001 - NÚMERO DE CONTROL
campo de control 136078
003 - IDENTIFICADOR DE NÚMERO DE CONTROL
campo de control ES-MaACL
005 - FECHA Y HORA DE LA ÚLTIMA TRANSACCIÓN
campo de control 20230906195030.0
007 - CAMPO FIJO DE DESCRIPCIÓN FÍSICA--INFORMACIÓN GENERAL
campo de control de longitud fija t|
008 - DATOS DE LONGITUD FIJA--INFORMACIÓN GENERAL
campo de control de longitud fija 070214s1984 sp |||| | spa d
100 1# - ENTRADA PRINCIPAL--NOMBRE DE PERSONA
Nombre de persona Ruiz Noguera, Francisco.
9 (RLIN) 100885
245 10 - MENCIÓN DEL TÍTULO
Título Campo de pluma /
Mención de responsabilidad, etc. Francisco Ruiz Noguera.
250 ## - MENCION DE EDICION
Mención de edición 1ª ed.
260 ## - PUBLICACIÓN, DISTRIBUCIÓN, ETC.
Lugar de publicación, distribución, etc. Granada :
Nombre del editor, distribuidor, etc. Antonio Ubago,
Fecha de publicación, distribución, etc. 1984.
300 ## - DESCRIPCIÓN FÍSICA
Extensión 41 p. ;
Dimensiones 20 cm.
490 1# - MENCIÓN DE SERIE
Mención de serie Anade.
-- Poesía ;
Designación de volumen o secuencia 20
830 0# - PUNTO DE ACCESO ADICIONAL DE SERIE-TÍTULO UNIFORME
Título uniforme Anade.
-- Poesía ;
Designación de volumen o secuencia 20
9 (RLIN) 219971
852 ## - LOCALIZACIÓN
Ubicación ES-MaACL
Número de control de estantería L-8072
Holdings
Estatus retirado Estado de pérdida Estado de daño No para préstamo Biblioteca de origen Biblioteca actual Ubicación en estantería Fecha de adquisición Fuente de adquisición Total de préstamos Signatura topográfica completa Código de barras Visto por última vez Precio de reemplazo Tipo de ítem Koha
        Biblioteca del Ateneo de Madrid Biblioteca del Ateneo de Madrid Depósito 2 17/01/2008     L-8072 1141625 23/02/2023 23/02/2023 Libro impreso